| 000 | 01055nam a2200265Ia 4500 | ||
|---|---|---|---|
| 001 | 21936 | ||
| 005 | 20260320113326.0 | ||
| 008 | 260320s9999||||xx |||||||||||||| ||und|| | ||
| 020 | _a9789972467318 | ||
| 041 | _aESP | ||
| 082 |
_a305.5520985 _bM41 |
||
| 100 |
_aMelgar Bao, Ricardo, _eAUT |
||
| 245 | 0 |
_aLa batalla intelectual por el Perú : _btras las visiones de Haya de la Torre, Mariátegui y Arguedas |
|
| 246 |
_a _5 _b |
||
| 250 | _aPrimera edición | ||
| 260 |
_aLima : _bUniversidad Nacional Mayor de San Marcos. Fondo Editorial, _c2023 |
||
| 300 |
_a233 páginas : _btablas ; _c29 cm. _e |
||
| 440 |
_a _n _v |
||
| 650 | _aCIS | ||
| 653 | _aPerú - Vida intelectual - Siglo XX; Mariátegui, José Carlos, 1894-1930; Haya de la Torre, Víctor Raúl, 1895-1979; Arguedas, José María, 1911-1969 | ||
| 654 | _aCHU | ||
| 700 |
_aMelgar Tísoc, Dahil; Jaimes Navarro, Perla; _ccompiladores |
||
| 856 |
_uhttps://0u20jm1ky-y-https-www-jstor-org.itmsp.museknowledge.com/ _zVéase además: Base de datos EBSCOhost |
||
| 942 |
_cLIB _dJUS _fMAT _2ddc _n |
||
| 999 |
_c21936 _d21936 |
||